000 00453nam a22001697a 4500
003 OSt
005 20120302145946.0
008 090605t xxu||||| |||| 00| 0 eng d
035 _a४२१६
040 _cमराठी
100 _aभगत, वसु
_95936
245 _aचक्रव्यूह
250 _a१ ली
260 _aठाणे
_bमधुर
_c१९८८
300 _b१३४ पाने
942 _2ddc
_cBOOK
999 _c491002
_d490999